[Event "14. Torneo Club Ajedrez Villaverde"]
[Site "Madrid ESP"]
[Date "2011.04.05"]
[Round "2.10"]
[White "Martin Duque, Jesus"]
[Black "Hernandez Mateo, Borja"]
[Result "1-0"]
[WhiteElo "2113"]
[BlackElo "1685"]
[PlyCount "41"]
[EventDate "2011.04.04"]
[EventType "swiss"]
[EventRounds "8"]
[EventCountry "ESP"]
[Source "lmi"]
[SourceDate "2011.04.04"]

1. e4 c5 2. Nf3 d6 3. d4 cxd4 4. Nxd4 Nf6 5. Nc3 a6 6. Bc4 e6 7. Bb3 Be7 8. g4
b5 9. g5 Nfd7 10. Bxe6 Nc5 11. Bxc8 Qxc8 12. Nf5 Qc6 13. f4 Nxe4 14. Qd4 Rg8
15. Nd5 Bf8 16. b3 Nc5 17. Ba3 Nb7 18. Nb6 Ra7 19. O-O-O Nd7 20. Nxd7 Ra8 21.
Nxf8 1-0

[Event "14. Torneo Club Ajedrez Villaverde"]
[Site "Madrid ESP"]
[Date "2011.04.05"]
[Round "2.11"]
[White "Vidaurre, Luis"]
[Black "Camarero Izquierdo, Juan C"]
[Result "1-0"]
[WhiteElo "1867"]
[BlackElo "1926"]
[PlyCount "95"]
[EventDate "2011.04.04"]
[EventType "swiss"]
[EventRounds "8"]
[EventCountry "ESP"]
[Source "lmi"]
[SourceDate "2011.04.04"]

1. d4 e6 2. c4 f5 3. Nf3 Nf6 4. g3 c6 5. Bg2 Bb4+ 6. Nc3 Ne4 7. Bd2 Bxc3 8.
Bxc3 d5 9. Qc2 O-O 10. O-O Nd7 11. b3 Qf6 12. Rad1 Qh6 13. Ne1 Ndf6 14. Bd2 Qh5
15. f3 Nxd2 16. Qxd2 Bd7 17. Nd3 Rae8 18. Rde1 g5 19. e4 dxe4 20. fxe4 Ng4 21.
Bf3 Qh6 22. Bxg4 fxg4 23. Ne5 Rxf1+ 24. Rxf1 Re7 25. Nxg4 Qg7 26. Nf6+ Kh8 27.
e5 Be8 28. Nxe8 Rxe8 29. Rf6 h6 30. h4 Rf8 31. Rxe6 Qh7 32. Rf6 Rxf6 33. exf6
gxh4 34. Qf4 hxg3 35. Qb8+ Qg8 36. Qe5 Qf7 37. d5 cxd5 38. cxd5 Kh7 39. Qf5+
Qg6 40. Qd7+ Kg8 41. Qd8+ Kf7 42. Qe7+ Kg8 43. Qe6+ Kf8 44. Kg2 h5 45. d6 Qc2+
46. Kxg3 Qg6+ 47. Kh4 Qc2 48. Qe7+ 1-0

[Event "14. Torneo Club Ajedrez Villaverde"]
[Site "Madrid ESP"]
[Date "2011.04.05"]
[Round "2.12"]
[White "Urena Castellanos, Antonio"]
[Black "Galan Aguado, Fernando"]
[Result "0-1"]
[WhiteElo "1637"]
[BlackElo "1831"]
[PlyCount "144"]
[EventDate "2011.04.04"]
[EventType "swiss"]
[EventRounds "8"]
[EventCountry "ESP"]
[Source "lmi"]
[SourceDate "2011.04.04"]

1. d4 e6 2. c4 Nf6 3. Nf3 d5 4. e3 b6 5. Nc3 Bb7 6. cxd5 exd5 7. Bd3 Nbd7 8. a3
Bd6 9. Bd2 O-O 10. h3 Ne4 11. O-O a6 12. b4 Ndf6 13. Rc1 Re8 14. Qc2 Nxd2 15.
Nxd2 Qe7 16. Rfe1 Ne4 17. f4 Rac8 18. Bxe4 dxe4 19. Qb3 Kh8 20. Ne2 f5 21. Ng3
Rf8 22. Red1 g5 23. Ne2 gxf4 24. exf4 Rg8 25. Qe3 Rg7 26. g3 Rcg8 27. Kh2 Bd5
28. Rg1 h5 29. Nc3 Be6 30. d5 Bc8 31. h4 a5 32. Nb5 axb4 33. Nxd6 Qxd6 34. Qd4
c5 35. Qe5 Rd8 36. Nc4 Qxe5 37. Nxe5 Rxd5 38. axb4 Bb7 39. Rgd1 Rd4 40. b5 Kh7
41. Nc4 Rg6 42. Ne3 Rgd6 43. Rxd4 cxd4 44. Rc7+ Kg6 45. Nc4 Rd5 46. Rxb7 Rxb5
47. Rxb6+ Rxb6 48. Nxb6 Kf6 49. Kg2 Ke6 50. Nc4 Kd5 51. Ne5 d3 52. Kf2 Kd4 53.
Ke1 Ke3 54. g4 fxg4 55. f5 g3 56. Kf1 Kf4 57. f6 Kxe5 58. f7 d2 59. f8=Q d1=Q+
60. Kg2 Qg4 61. Qe7+ Kf4 62. Qd6+ Kf5 63. Qd5+ Kf6 64. Qd6+ Qe6 65. Qxg3 Qg4
66. Qxg4 hxg4 67. Kg3 Kf5 68. h5 e3 69. h6 Kg6 70. h7 Kxh7 71. Kg2 Kg6 72. Kf1
Kf5 0-1

[Event "14. Torneo Club Ajedrez Villaverde"]
[Site "Madrid ESP"]
[Date "2011.04.05"]
[Round "2.13"]
[White "Sierra Soria, Maria"]
[Black "Salgado Duarte, Pablo"]
[Result "1-0"]
[WhiteElo "1784"]
[BlackElo "1554"]
[PlyCount "89"]
[EventDate "2011.04.04"]
[EventType "swiss"]
[EventRounds "8"]
[EventCountry "ESP"]
[Source "lmi"]
[SourceDate "2011.04.04"]

1. e4 c5 2. Nf3 Nc6 3. d4 cxd4 4. Nxd4 e5 5. Nb5 Nf6 6. Bg5 h6 7. Bxf6 gxf6 8.
N1c3 a6 9. Nd6+ Bxd6 10. Qxd6 Qe7 11. Qd1 Qb4 12. Rb1 Ne7 13. Qf3 Ng8 14. a3
Qa5 15. Bc4 d6 16. Qg3 Kf8 17. Qd3 Qd8 18. Rd1 b5 19. Bb3 Ra7 20. Qxd6+ Qxd6
21. Rxd6 Rd7 22. Rb6 Kg7 23. Nd5 Bb7 24. a4 Bxd5 25. Bxd5 Ne7 26. axb5 Nxd5 27.
exd5 Rxd5 28. bxa6 Ra5 29. Ke2 Ra8 30. Rd1 R8xa6 31. Rdd6 Rxb6 32. Rxb6 Rc5 33.
c3 Kg6 34. Rd6 Rc7 35. Kd3 Kf5 36. Kc2 e4 37. Rd5+ Kg6 38. b4 f5 39. b5 h5 40.
h4 Kf6 41. b6 Rb7 42. Rb5 Ke6 43. g3 Kf6 44. Kb3 Ke6 45. Kc4 1-0

[Event "14. Torneo Club Ajedrez Villaverde"]
[Site "Madrid ESP"]
[Date "2011.04.05"]
[Round "2.14"]
[White "Veiga Rodriguez, Pablo"]
[Black "Largo Barbero, Benito"]
[Result "0-1"]
[WhiteElo "1517"]
[BlackElo "1759"]
[PlyCount "42"]
[EventDate "2011.04.04"]
[EventType "swiss"]
[EventRounds "8"]
[EventCountry "ESP"]
[Source "lmi"]
[SourceDate "2011.04.04"]

1. d4 Nf6 2. c4 g6 3. Nc3 Bg7 4. e4 d6 5. Bd3 O-O 6. Nf3 c5 7. d5 e5 8. O-O Nh5
9. h3 Nf4 10. Bxf4 exf4 11. Qd2 g5 12. Rae1 h5 13. Ne2 Nd7 14. h4 f6 15. Bb1
Ne5 16. Nxe5 fxe5 17. hxg5 Qxg5 18. f3 Rf6 19. Rf2 h4 20. Kf1 h3 21. gxh3 Bxh3+
0-1

[Event "14. Torneo Club Ajedrez Villaverde"]
[Site "Madrid ESP"]
[Date "2011.04.05"]
[Round "2.15"]
[White "Martinez Miura, Enrique"]
[Black "Martin Rodriguez, Jose L"]
[Result "1-0"]
[WhiteElo "1717"]
[BlackElo "1484"]
[PlyCount "27"]
[EventDate "2011.04.04"]
[EventType "swiss"]
[EventRounds "8"]
[EventCountry "ESP"]
[Source "lmi"]
[SourceDate "2011.04.04"]

1. e4 e6 2. d4 d5 3. Nc3 c5 4. dxc5 dxe4 5. Qxd8+ Kxd8 6. Nxe4 Ne7 7. Nd6 Kc7
8. Nxf7 Rg8 9. Bf4+ Kc6 10. Ne5+ Kxc5 11. b4+ Kxb4 12. Rb1+ Kc5 13. Rb5+ Kd4
14. Bd3 1-0

[Event "14. Torneo Club Ajedrez Villaverde"]
[Site "Madrid ESP"]
[Date "2011.04.06"]
[Round "3.1"]
[White "Rodriguez De Castro, Ayar"]
[Black "Longa Yauca, Javier"]
[Result "0-1"]
[WhiteElo "2105"]
[BlackElo "2345"]
[PlyCount "84"]
[EventDate "2011.04.04"]
[EventType "swiss"]
[EventRounds "8"]
[EventCountry "ESP"]
[Source "lmi"]
[SourceDate "2011.04.04"]

1. d4 Nf6 2. g3 c5 3. d5 e6 4. c4 exd5 5. cxd5 d6 6. Bg2 g6 7. Nc3 Bg7 8. Nf3
O-O 9. O-O Bf5 10. Nd2 Na6 11. e4 Bg4 12. Qb3 Qd7 13. Nc4 Nb4 14. e5 dxe5 15.
Nxe5 Qf5 16. Nxg4 Nxg4 17. h3 Ne5 18. Bf4 Nc2 19. Rac1 Nd4 20. Qd1 Rad8 21.
Bxe5 Bxe5 22. Qg4 h6 23. Rfe1 Rfe8 24. Qxf5 Nxf5 25. Kf1 Kg7 26. Rcd1 Nd6 27.
Re2 Bd4 28. Rde1 Rxe2 29. Rxe2 Bxc3 30. bxc3 b5 31. Re7 a5 32. Rc7 c4 33. Ra7
b4 34. cxb4 axb4 35. Ke1 Re8+ 36. Kd1 Nb5 37. Rb7 Nc3+ 38. Kc2 Re2+ 39. Kc1
Nxa2+ 40. Kd1 Nc3+ 41. Kc1 b3 42. d6 Rc2# 0-1

[Event "14. Torneo Club Ajedrez Villaverde"]
[Site "Madrid ESP"]
[Date "2011.04.06"]
[Round "3.2"]
[White "Gemy, Jose Daniel"]
[Black "Pastor Alonso De Prado, Emilio"]
[Result "1/2-1/2"]
[WhiteElo "2288"]
[BlackElo "2193"]
[PlyCount "91"]
[EventDate "2011.04.04"]
[EventType "swiss"]
[EventRounds "8"]
[EventCountry "ESP"]
[Source "lmi"]
[SourceDate "2011.04.04"]

1. d4 d5 2. c4 e6 3. Nc3 Nf6 4. cxd5 exd5 5. Bg5 Be7 6. e3 c6 7. Bd3 Nbd7 8.
Qc2 O-O 9. Nge2 Re8 10. f3 g6 11. O-O Nh5 12. Bxe7 Qxe7 13. e4 Nb6 14. a3 Be6
15. b4 a5 16. Rab1 Nc4 17. Bxc4 dxc4 18. bxa5 Rxa5 19. a4 f5 20. Qb2 fxe4 21.
fxe4 Rb8 22. Qb4 Qxb4 23. Rxb4 c5 24. Rb6 Bg4 25. d5 Bxe2 26. Nxe2 Rxa4 27. e5
Rb4 28. Rd6 Rb3 29. e6 Re3 30. Ng3 Nxg3 31. hxg3 Rf8 32. Ra1 c3 33. Rd7 c2 34.
Kh2 Re5 35. e7 Re8 36. d6 Rh5+ 37. Kg1 Rd5 38. Rd8 Rd1+ 39. Kf2 Kg7 40. Rxe8
Rxa1 41. Rg8+ Kh6 42. e8=Q c1=Q 43. Qf8+ Kh5 44. Qf3+ Kh6 45. Qf8+ Kh5 46. Qf3+
1/2-1/2

[Event "14. Torneo Club Ajedrez Villaverde"]
[Site "Madrid ESP"]
[Date "2011.04.06"]
[Round "3.3"]
[White "Lopez De Turiso, Jose Angel"]
[Black "Ortega Ruiz, Jose Miguel"]
[Result "0-1"]
[WhiteElo "2053"]
[BlackElo "2266"]
[PlyCount "106"]
[EventDate "2011.04.04"]
[EventType "swiss"]
[EventRounds "8"]
[EventCountry "ESP"]
[Source "lmi"]
[SourceDate "2011.04.04"]

1. d4 d5 2. c4 c6 3. cxd5 cxd5 4. Bg5 h6 5. Bh4 Qb6 6. Qd2 Nf6 7. Bxf6 Qxf6 8.
Nc3 e6 9. e3 g6 10. Bd3 Bg7 11. Nge2 O-O 12. O-O Nc6 13. Rac1 Bd7 14. Bb1 Rfd8
15. Nf4 Be8 16. Rfd1 b6 17. Nce2 Rac8 18. Bd3 Bf8 19. Ba6 Rb8 20. Bb5 Na5 21.
Bd3 Nb7 22. Ng3 Ba4 23. Rf1 Be8 24. Rfd1 b5 25. Rc2 a5 26. Qe2 Nd6 27. f3 b4
28. Qd2 Ba4 29. b3 Bb5 30. Rdc1 Bxd3 31. Nxd3 Nb5 32. Ne2 Bd6 33. f4 Ra8 34.
Nc5 Na3 35. Rb2 Bf8 36. Qd1 Nc4 37. bxc4 Bxc5 38. cxd5 Rxd5 39. Rbc2 Bb6 40.
Rc8+ Rd8 41. Rxa8 Rxa8 42. Rc6 Qd8 43. Qc2 a4 44. Qc4 Ba5 45. Nc1 Qd7 46. Nd3
b3 47. axb3 a3 48. Ne5 Qe7 49. Rc8+ Rxc8 50. Qxc8+ Kg7 51. Qc2 Qb4 52. Nd3 Qd2
53. Qc4 a2 0-1

[Event "14. Torneo Club Ajedrez Villaverde"]
[Site "Madrid ESP"]
[Date "2011.04.06"]
[Round "3.4"]
[White "Ramirez Garcia, Jorge Alberto"]
[Black "Vazquez Gonzalez, Jesus"]
[Result "1/2-1/2"]
[WhiteElo "2264"]
[BlackElo "2091"]
[PlyCount "81"]
[EventDate "2011.04.04"]
[EventType "swiss"]
[EventRounds "8"]
[EventCountry "ESP"]
[Source "lmi"]
[SourceDate "2011.04.04"]

1. d4 d6 2. e4 Nf6 3. Nc3 Nbd7 4. Nf3 e5 5. Bc4 h6 6. O-O c6 7. a4 a5 8. Re1
Be7 9. Ba2 O-O 10. h3 Re8 11. Be3 Bf8 12. Nd2 Nb6 13. dxe5 dxe5 14. Qf3 Bb4 15.
Rad1 Bxc3 16. Bxb6 Qxb6 17. Qxc3 Qb4 18. Qxb4 axb4 19. Ra1 Be6 20. Bxe6 Rxe6
21. Nb3 Rd6 22. a5 Nd7 23. Red1 Rxd1+ 24. Rxd1 Nf6 25. f3 Kf8 26. Kf2 Ke7 27.
Ke3 Nd7 28. Kd3 b6 29. Ra1 b5 30. c4 bxc3 31. Kxc3 c5 32. Nd2 Kd6 33. b4 Kc6
34. Rd1 Nb8 35. Nb3 cxb4+ 36. Kxb4 Na6+ 37. Kc3 f6 38. Rd3 Rc8 39. Kd2 Rc7 40.
f4 Rd7 41. Rxd7 1/2-1/2

[Event "14. Torneo Club Ajedrez Villaverde"]
[Site "Madrid ESP"]
[Date "2011.04.06"]
[Round "3.5"]
[White "Cruz Monzon, Jose"]
[Black "Martin Duque, Jesus"]
[Result "0-1"]
[WhiteElo "1974"]
[BlackElo "2113"]
[PlyCount "60"]
[EventDate "2011.04.04"]
[EventType "swiss"]
[EventRounds "8"]
[EventCountry "ESP"]
[Source "lmi"]
[SourceDate "2011.04.04"]

1. d4 Nf6 2. c4 c5 3. d5 b5 4. cxb5 a6 5. bxa6 g6 6. Nc3 Bxa6 7. Nf3 d6 8. e4
Bxf1 9. Kxf1 Bg7 10. g3 Nbd7 11. Kg2 O-O 12. Re1 Qb6 13. h3 Ne8 14. Re2 Nc7 15.
a4 Na6 16. Ra3 Nb4 17. Be3 Rfb8 18. Nd2 Qa6 19. Nb5 Bxb2 20. Nc7 Qb7 21. Nxa8
Bxa3 22. Nc4 Rxa8 23. Nxa3 Nb6 24. Bh6 Nxa4 25. Qd2 Nb6 26. h4 f6 27. Qe3 Qa6
28. Nb1 Nc4 29. Qf3 Ne5 30. Qe3 Ng4 0-1

[Event "14. Torneo Club Ajedrez Villaverde"]
[Site "Madrid ESP"]
[Date "2011.04.06"]
[Round "3.8"]
[White "Bote Kobolo, Benjamin"]
[Black "Rodriguez Bachiller, Luis"]
[Result "1-0"]
[WhiteElo "2017"]
[BlackElo "1794"]
[PlyCount "69"]
[EventDate "2011.04.04"]
[EventType "swiss"]
[EventRounds "8"]
[EventCountry "ESP"]
[Source "lmi"]
[SourceDate "2011.04.04"]

1. e4 c5 2. Nc3 e6 3. Nf3 Nc6 4. Bb5 a6 5. Bxc6 bxc6 6. O-O Nf6 7. e5 Nd5 8.
Ne4 Be7 9. d4 cxd4 10. Qxd4 Qb6 11. Qd1 Qb5 12. Bg5 O-O 13. Bxe7 Nxe7 14. Qc1
Rb8 15. b3 Ng6 16. c4 Qb4 17. Qg5 Qe7 18. Nf6+ Kh8 19. Nxh7 Kxh7 20. Qh5+ Kg8
21. Ng5 Qxg5 22. Qxg5 Re8 23. f4 Ne7 24. Rf3 Nf5 25. g4 Nh6 26. Rh3 Kf8 27. Re1
Ng8 28. f5 exf5 29. gxf5 f6 30. Qd2 d5 31. e6 Nh6 32. Rxh6 gxh6 33. Qxh6+ Ke7
34. Qg7+ Kd6 35. Qg3+ 1-0

[Event "14. Torneo Club Ajedrez Villaverde"]
[Site "Madrid ESP"]
[Date "2011.04.06"]
[Round "3.9"]
[White "Fuentes Arjona, Antonio"]
[Black "Sierra Soria, Maria"]
[Result "1/2-1/2"]
[WhiteElo "2011"]
[BlackElo "1784"]
[PlyCount "53"]
[EventDate "2011.04.04"]
[EventType "swiss"]
[EventRounds "8"]
[EventCountry "ESP"]
[Source "lmi"]
[SourceDate "2011.04.04"]

1. e4 c5 2. Nf3 d6 3. d4 cxd4 4. Nxd4 Nf6 5. Nc3 a6 6. Be2 e5 7. Nb3 Be6 8. Be3
Be7 9. O-O O-O 10. f3 Nbd7 11. Nd5 Nxd5 12. exd5 Bf5 13. Bd3 Bxd3 14. Qxd3 Rc8
15. a4 Qc7 16. Rfc1 Bf6 17. Ra2 Rfe8 18. Nd2 Nc5 19. Qc4 Qe7 20. Ne4 Nxe4 21.
Qxe4 Bg5 22. Ra3 Rc7 23. c4 Rec8 24. Rac3 Qf6 25. a5 Qh6 26. Bxg5 Qxg5 27. b3
1/2-1/2

[Event "14. Torneo Club Ajedrez Villaverde"]
[Site "Madrid ESP"]
[Date "2011.04.06"]
[Round "3.10"]
[White "Quintero Torres, Pedro"]
[Black "Martinez Miura, Enrique"]
[Result "1/2-1/2"]
[WhiteElo "1979"]
[BlackElo "1717"]
[PlyCount "132"]
[EventDate "2011.04.04"]
[EventType "swiss"]
[EventRounds "8"]
[EventCountry "ESP"]
[Source "lmi"]
[SourceDate "2011.04.04"]

1. e4 e6 2. d4 d5 3. Nc3 Nf6 4. Bd3 dxe4 5. Nxe4 Nxe4 6. Bxe4 Be7 7. Be3 Nd7 8.
Nf3 Nf6 9. Bd3 O-O 10. O-O b6 11. Ne5 Bb7 12. c4 Rc8 13. Qa4 a6 14. Nc6 Bxc6
15. Qxc6 Bd6 16. Qf3 c5 17. Rfd1 Qc7 18. Rac1 Rfd8 19. dxc5 Bxc5 20. Bg5 Be7
21. b3 h6 22. Bh4 Rd7 23. h3 Rcd8 24. Bc2 Rxd1+ 25. Rxd1 Rxd1+ 26. Qxd1 g6 27.
Qd4 e5 28. Qe3 g5 29. Bg3 Bd6 30. h4 Bc5 31. Bxe5 Bxe3 32. Bxc7 Bc5 33. hxg5
hxg5 34. Bf5 Ne8 35. Be5 f6 36. Bc3 Kf7 37. b4 Bd6 38. Bc8 Nc7 39. a3 Be5 40.
Bxe5 fxe5 41. Kf1 a5 42. Ke2 axb4 43. axb4 Ne8 44. Bb7 Kf6 45. Bd5 Nc7 46. Ke3
Na6 47. b5 Nc5 48. Kf3 Kf5 49. Bg8 Kg6 50. Ke3 Kg7 51. Bd5 Kf6 52. Bf3 Kf5 53.
Bh5 Kf6 54. Bg4 Ke7 55. Bf5 Kf6 56. Bc2 g4 57. f3 Kg5 58. fxg4 Kxg4 59. Kf2 Kg5
60. Kf3 Kf6 61. g3 Kg5 62. g4 Kf6 63. Ke3 Kg5 64. Bf5 Kh4 65. Kf3 Kg5 66. Kg3
Nb3 1/2-1/2

[Event "14. Torneo Club Ajedrez Villaverde"]
[Site "Madrid ESP"]
[Date "2011.04.06"]
[Round "3.11"]
[White "Benitez Cadenas, Luis Miguel"]
[Black "Perez Cameselle, Francisco"]
[Result "1/2-1/2"]
[WhiteElo "1710"]
[BlackElo "1907"]
[PlyCount "82"]
[EventDate "2011.04.04"]
[EventType "swiss"]
[EventRounds "8"]
[EventCountry "ESP"]
[Source "lmi"]
[SourceDate "2011.04.04"]

1. d4 Nf6 2. c4 c5 3. Nf3 cxd4 4. Nxd4 Nc6 5. g3 Qb6 6. e3 g6 7. b3 Bg7 8. Bb2
O-O 9. Bg2 d6 10. Nc3 Bd7 11. O-O Ne5 12. h3 Nxc4 13. bxc4 Qxb2 14. Qd3 Rab8
15. Ncb5 Qb4 16. Nxa7 Qc5 17. Ndb5 Be6 18. Rac1 Nd7 19. Qa3 Qxa3 20. Nxa3 Ra8
21. N3b5 Nc5 22. Rfd1 Bd7 23. Rd2 Bxb5 24. Nxb5 Ra4 25. Kf1 Rfa8 26. Rcc2 Rb4
27. Ke2 Raa4 28. Nc3 Bxc3 29. Rxc3 Rxc4 30. Rxc4 Rxc4 31. Rb2 Kg7 32. Bxb7 Nxb7
33. Rxb7 Rc2+ 34. Kf3 Rxa2 35. Rxe7 Kf6 36. Re8 h5 37. h4 d5 38. Kg2 Kf5 39.
Rd8 Ke5 40. Re8+ Kf5 41. Rd8 Ke5 1/2-1/2

[Event "14. Torneo Club Ajedrez Villaverde"]
[Site "Madrid ESP"]
[Date "2011.04.06"]
[Round "3.12"]
[White "Martin-Consuegra Barrilero, Francisco Javier"]
[Black "Al-Zarif, Bassam"]
[Result "1-0"]
[WhiteElo "1884"]
[BlackElo "1715"]
[PlyCount "55"]
[EventDate "2011.04.04"]
[EventType "swiss"]
[EventRounds "8"]
[EventCountry "ESP"]
[Source "lmi"]
[SourceDate "2011.04.04"]

1. d4 d5 2. Bf4 Nf6 3. e3 c5 4. c3 Nc6 5. Nd2 Qb6 6. Qb3 c4 7. Qc2 Qd8 8. a4 g6
9. e4 Nh5 10. Be3 e6 11. Be2 Bd7 12. Bxh5 gxh5 13. Ngf3 Rg8 14. g3 f5 15. exd5
exd5 16. O-O Qc7 17. Bg5 Be7 18. Rfe1 Qd6 19. Bxe7 Nxe7 20. Ne5 Be6 21. b3 h4
22. bxc4 dxc4 23. Ndxc4 Bxc4 24. Nxc4 Qf6 25. Qe2 hxg3 26. fxg3 Rg6 27. Ne5 Rg7
28. Qb5+ 1-0

[Event "14. Torneo Club Ajedrez Villaverde"]
[Site "Madrid ESP"]
[Date "2011.04.06"]
[Round "3.13"]
[White "Hernandez Mateo, Borja"]
[Black "Garcia Martin, Juan Manuel"]
[Result "0-1"]
[WhiteElo "1685"]
[BlackElo "1872"]
[PlyCount "120"]
[EventDate "2011.04.04"]
[EventType "swiss"]
[EventRounds "8"]
[EventCountry "ESP"]
[Source "lmi"]
[SourceDate "2011.04.04"]

1. e4 d5 2. exd5 Nf6 3. Nc3 Nxd5 4. Bc4 e6 5. Nxd5 exd5 6. Bd3 Bc5 7. Nf3 Qe7+
8. Qe2 Bg4 9. Qxe7+ Bxe7 10. Ne5 Bd7 11. O-O O-O 12. c3 Bf6 13. Nxd7 Nxd7 14.
Bf5 Ne5 15. d4 Ng6 16. Re1 Rfe8 17. Bd2 Kf8 18. Kf1 Rxe1+ 19. Rxe1 Re8 20.
Rxe8+ Kxe8 21. g3 h6 22. h4 Ne7 23. Bd3 Nc8 24. Bf4 c6 25. Bf5 Nb6 26. b3 Nd7
27. Bd6 c5 28. Bxd7+ Kxd7 29. Bxc5 b6 30. Ba3 a5 31. Bc1 Kc6 32. Ke2 b5 33. Kd3
Bd8 34. Bf4 f6 35. Bd2 h5 36. Ke3 Kd6 37. Kf4 Ke6 38. g4 g5+ 39. Kg3 hxg4 40.
Kxg4 gxh4 41. Kxh4 Kf5 42. Kh5 Ke4 43. Kg6 Kd3 44. Be3 Kxc3 45. Kf7 Bb6 46.
Kxf6 Bxd4+ 47. Bxd4+ Kxd4 48. Kg5 Ke4 49. f4 d4 50. f5 d3 51. f6 d2 52. f7 d1=Q
53. f8=Q Qg1+ 54. Kh6 Qh2+ 55. Kg6 Qg3+ 56. Kh5 Qf3+ 57. Qxf3+ Kxf3 58. Kg5 Ke4
59. Kf6 b4 60. Ke6 Kd4 0-1

[Event "14. Torneo Club Ajedrez Villaverde"]
[Site "Madrid ESP"]
[Date "2011.04.06"]
[Round "3.14"]
[White "Garcia Martinez, Jose Luis"]
[Black "Alcazar Mata, Jesus"]
[Result "0-1"]
[WhiteElo "1832"]
[BlackElo "1704"]
[PlyCount "96"]
[EventDate "2011.04.04"]
[EventType "swiss"]
[EventRounds "8"]
[EventCountry "ESP"]
[Source "lmi"]
[SourceDate "2011.04.04"]

1. d4 d5 2. c4 e6 3. Nc3 c6 4. Nf3 Nf6 5. Bg5 h6 6. Bh4 dxc4 7. e4 g5 8. Bg3 b5
9. a3 Bg7 10. Be2 Bb7 11. O-O Nh5 12. Bxb8 Rxb8 13. Nxg5 Nf4 14. Nf3 Nxe2+ 15.
Qxe2 O-O 16. Rad1 Qf6 17. e5 Qf4 18. h3 a6 19. Rd2 h5 20. Rfd1 Kh8 21. Nh2 Qf5
22. Ne4 Qg6 23. h4 Bh6 24. Rc2 c5 25. Ng3 cxd4 26. Rxd4 Rbd8 27. Rxd8 Rxd8 28.
Nhf1 Qg4 29. Qxg4 hxg4 30. Re2 Rd5 31. Nh2 Rd2 32. Nxg4 Rxe2 33. Nxe2 Bd2 34.
Nf6 Bc6 35. f4 Be1 36. h5 Kg7 37. Kf1 Bh4 38. Ng4 Be4 39. Nd4 Be7 40. g3 Bc5
41. h6+ Kh8 42. Nf6 Bd3+ 43. Ne2 Bd4 44. Ke1 Bxb2 45. Ng1 c3 46. Nf3 c2 47. Ng5
c1=Q+ 48. Kf2 Qf1+ 0-1

[Event "14. Torneo Club Ajedrez Villaverde"]
[Site "Madrid ESP"]
[Date "2011.04.06"]
[Round "3.15"]
[White "Galan Aguado, Fernando"]
[Black "Rottenwoehrer, Christoph"]
[Result "1/2-1/2"]
[WhiteElo "1831"]
[BlackElo "1458"]
[PlyCount "73"]
[EventDate "2011.04.04"]
[EventType "swiss"]
[EventRounds "8"]
[EventCountry "ESP"]
[Source "lmi"]
[SourceDate "2011.04.04"]

1. d4 Nf6 2. Nf3 g6 3. Bf4 Bg7 4. h3 d6 5. e3 O-O 6. Be2 Nbd7 7. O-O c5 8. c3
Nd5 9. Bh2 b6 10. dxc5 Bb7 11. cxd6 exd6 12. Bxd6 Re8 13. Bg3 Qe7 14. Bc4 Qc5
15. Bxd5 Bxd5 16. Nbd2 Rad8 17. Qa4 b5 18. Qa5 Nb6 19. Nd4 Bc6 20. N2b3 Qd5 21.
Nxc6 Qxc6 22. Qxa7 Rd7 23. Na5 Qe6 24. Qa6 Ra8 25. Qxb5 Rd5 26. Qc6 Rdxa5 27.
Qxe6 fxe6 28. Bc7 Rb5 29. Bxb6 Rxb6 30. a4 Rxb2 31. Rfc1 Rb3 32. Ra2 Rxc3 33.
Rxc3 Bxc3 34. Kf1 Ba5 35. Ke2 Rd8 36. Rb2 h5 37. f4 1/2-1/2

[Event "14. Torneo Club Ajedrez Villaverde"]
[Site "Madrid ESP"]
[Date "2011.04.06"]
[Round "3.17"]
[White "Camarero Izquierdo, Juan C"]
[Black "Martin Rodriguez, Jose L"]
[Result "1-0"]
[WhiteElo "1926"]
[BlackElo "1484"]
[PlyCount "67"]
[EventDate "2011.04.04"]
[EventType "swiss"]
[EventRounds "8"]
[EventCountry "ESP"]
[Source "lmi"]
[SourceDate "2011.04.04"]

1. d4 Nf6 2. Nc3 e6 3. e4 Bb4 4. Bd3 c5 5. Nf3 cxd4 6. Nxd4 Bxc3+ 7. bxc3 O-O
8. O-O e5 9. Nf5 d6 10. Ng3 Bg4 11. f3 Be6 12. Kh1 Nbd7 13. f4 Nb6 14. fxe5
dxe5 15. Bg5 Nbd7 16. Nh5 h6 17. Nxf6+ Nxf6 18. Bxf6 gxf6 19. Qh5 Kh7 20. Qh4
Rg8 21. Rxf6 Rg6 22. Raf1 Qg8 23. h3 Qg7 24. g4 Bxa2 25. c4 Rf8 26. R6f2 Ra6
27. g5 Kg8 28. Rg2 Rg6 29. gxh6 Qh7 30. Ra1 Rxg2 31. Kxg2 Qg6+ 32. Qg4 Bxc4 33.
Bxc4 Rc8 34. Qxg6+ 1-0

[Event "14. Torneo Club Ajedrez Villaverde"]
[Site "Madrid ESP"]
[Date "2011.04.06"]
[Round "3.19"]
[White "Ojosnegros Martin, Angel"]
[Black "Veiga Rodriguez, Pablo"]
[Result "0-1"]
[WhiteElo "1403"]
[BlackElo "1517"]
[PlyCount "106"]
[EventDate "2011.04.04"]
[EventType "swiss"]
[EventRounds "8"]
[EventCountry "ESP"]
[Source "lmi"]
[SourceDate "2011.04.04"]

1. d4 Nf6 2. c4 g6 3. Nc3 Bg7 4. e3 O-O 5. Nf3 d6 6. Bd3 c5 7. d5 e5 8. e4 Nbd7
9. h4 Nh5 10. g3 Ndf6 11. Bg5 h6 12. Bxf6 Nxf6 13. Qc2 Bg4 14. Be2 Qd7 15.
O-O-O a6 16. Na4 Qc7 17. Rdg1 b5 18. cxb5 axb5 19. Nc3 b4 20. Nd1 Rxa2 21. Kd2
Qa5 22. Ke1 b3+ 23. Qd2 Nxe4 24. Qxa5 Rxa5 25. Nd2 Bxe2 26. Kxe2 Nxd2 27. Kxd2
f5 28. Ne3 e4 29. Nc4 Ra6 30. Ra1 Rfa8 31. Rxa6 Rxa6 32. h5 g5 33. Rb1 Bd4 34.
Ke2 Kg7 35. f3 exf3+ 36. Kxf3 g4+ 37. Kf4 Kf6 38. Re1 Be5+ 39. Nxe5 dxe5+ 40.
Ke3 Rd6 41. Ra1 Kg5 42. Ra3 Rb6 43. Ra5 f4+ 44. gxf4+ exf4+ 45. Kf2 Kxh5 46.
Rxc5 Rd6 47. Rb5 Kg5 48. Ke2 h5 49. Rxb3 Rxd5 50. Rb8 Kh4 51. b4 g3 52. Kf3 Rg5
53. Kg2 f3+ 0-1

[Event "14. Torneo Club Ajedrez Villaverde"]
[Site "Madrid ESP"]
[Date "2011.04.07"]
[Round "4.1"]
[White "Longa Yauca, Javier"]
[Black "Ortega Ruiz, Jose Miguel"]
[Result "1-0"]
[WhiteElo "2345"]
[BlackElo "2266"]
[PlyCount "84"]
[EventDate "2011.04.04"]
[EventType "swiss"]
[EventRounds "8"]
[EventCountry "ESP"]
[Source "lmi"]
[SourceDate "2011.04.04"]

1. d4 Nf6 2. Nf3 e6 3. c4 Bb4+ 4. Nbd2 d6 5. e3 Nc6 6. a3 Bxd2+ 7. Qxd2 e5 8.
dxe5 Nxe5 9. Nxe5 dxe5 10. Qxd8+ Kxd8 11. b4 Be6 12. Bb2 Nd7 13. Be2 f6 14. O-O
Ke7 15. Rfc1 c5 16. f4 Rac8 17. b5 Rhd8 18. a4 a5 19. Bc3 b6 20. g3 Bf5 21. Rd1
Be4 22. Kf2 f5 23. fxe5 Nf8 24. Rd6 Rxd6 25. exd6+ Kf7 26. Rd1 Rd8 27. g4 g6
28. gxf5 Bxf5 29. h4 h5 30. Bf3 Be6 31. Bd5 Rxd6 32. e4 Rd8 33. Ke3 Nd7 34.
Bxe6+ Kxe6 35. e5 Rf8 36. Rd6+ Ke7 37. Rxg6 Rf1 38. Ke4 Rc1 39. Bd2 Rxc4+ 40.
Kf5 Rd4 41. Bg5+ Ke8 42. Re6+ Kf7 1-0

[Event "14. Torneo Club Ajedrez Villaverde"]
[Site "Madrid ESP"]
[Date "2011.04.07"]
[Round "4.2"]
[White "Vazquez Gonzalez, Jesus"]
[Black "Gemy, Jose Daniel"]
[Result "0-1"]
[WhiteElo "2091"]
[BlackElo "2288"]
[PlyCount "40"]
[EventDate "2011.04.04"]
[EventType "swiss"]
[EventRounds "8"]
[EventCountry "ESP"]
[Source "lmi"]
[SourceDate "2011.04.04"]

1. e4 e6 2. d4 d5 3. exd5 exd5 4. Bd3 Bd6 5. Nf3 Ne7 6. O-O c6 7. Re1 h6 8. h3
Be6 9. a4 a5 10. Na3 Nd7 11. Ne5 Nxe5 12. dxe5 Bc5 13. Be3 Qb6 14. Bxc5 Qxc5
15. c3 d4 16. cxd4 Qxd4 17. Qc2 O-O-O 18. Rad1 Qb4 19. Re4 Bb3 20. Qb1 Qxe4 0-1